[Event "I Open"]
[Site "Bergamo ITA"]
[Date "2002.07.28"]
[Round "6"]
[White "Braghetta, Sergio"]
[Black "Bednarich, Jan"]
[Result "0-1"]
[WhiteElo "2265"]
[BlackElo "2221"]
[PlyCount "102"]
[EventDate "2002.07.26"]

1. d4 Nf6 2. Nf3 e6 3. Bg5 c5 4. e3 cxd4 5. exd4 b6 6. Nbd2 Bb7 7. Bd3 Be7 8.
O-O O-O 9. Re1 h6 10. Bh4 Nc6 11. c3 Rc8 12. Nc4 d6 13. Qe2 Nb8 14. a4 Re8 15.
Rad1 Nbd7 16. Bg3 Nf8 17. h3 Qc7 18. Na3 Qb8 19. Ba6 Ng6 20. Bxb7 Qxb7 21. Nd2
Red8 22. Nc2 Nd5 23. Qf3 Qc6 24. Ra1 Bf8 25. Nf1 Nde7 26. Qh5 Nd5 27. Nce3 Nf6
28. Qe2 e5 29. Nf5 Re8 30. N1e3 Nf4 31. Qf1 N6h5 32. dxe5 dxe5 33. Bxf4 Nxf4
34. g3 Ne6 35. Ng4 Ng5 36. Nh2 Qe6 37. g4 Qb3 38. Re2 Rcd8 39. Ne3 Rd3 40. h4
Ne6 41. Ng2 Bc5 42. Rxe5 Rd2 43. Re2 Qxb2 44. Rxd2 Qxd2 45. a5 Qxc3 46. axb6
Bxb6 47. Rd1 Qf6 48. Qe2 Rc8 49. Nf3 Nf4 50. Nxf4 Qxf4 51. g5 Rc3 0-1

[Event "I Open"]
[Site "Bergamo ITA"]
[Date "2002.07.28"]
[Round "6"]
[White "Cambieri, Mario"]
[Black "Miatello, Alberto"]
[Result "0-1"]
[WhiteElo "1660"]
[BlackElo "1878"]
[PlyCount "30"]
[EventDate "2002.07.26"]

1. c4 Nf6 2. Nc3 g6 3. g3 Bg7 4. d4 d6 5. Bg2 O-O 6. Nf3 Nbd7 7. O-O e5 8. dxe5
dxe5 9. Qc2 c6 10. Rd1 Qe7 11. b3 Re8 12. Bb2 e4 13. Nd2 e3 14. Nf3 exf2+ 15.
Kxf2 Ng4+ 0-1

[Event "I Open"]
[Site "Bergamo ITA"]
[Date "2002.07.28"]
[Round "6"]
[White "Ceresoli, Luigi"]
[Black "Contin, Daniel"]
[Result "0-1"]
[WhiteElo "2204"]
[BlackElo "2334"]
[PlyCount "56"]
[EventDate "2002.07.26"]

1. e4 e6 2. d4 d5 3. Nc3 Bb4 4. exd5 exd5 5. Nf3 Nf6 6. a3 Bxc3+ 7. bxc3 O-O 8.
Be2 Ne4 9. Bb2 Nd6 10. O-O Nd7 11. a4 Nb6 12. Nd2 a5 13. Bd3 Bd7 14. Ba3 Bxa4
15. Qh5 g6 16. Qh6 Qf6 17. Nf3 Rfd8 18. Bc1 Qg7 19. Qh4 f6 20. Bh6 Qf7 21. g4
Bb5 22. Bxb5 Nxb5 23. g5 f5 24. Ne5 Qe6 25. Rfe1 Qd6 26. Bg7 Kxg7 27. Qh6+ Kg8
28. Re3 Qf8 0-1

[Event "I Open"]
[Site "Bergamo ITA"]
[Date "2002.07.28"]
[Round "6"]
[White "Del Monte, Jorge Luis"]
[Black "Dondi, Renzo"]
[Result "1-0"]
[WhiteElo "2046"]
[BlackElo "1633"]
[PlyCount "103"]
[EventDate "2002.07.26"]

1. e4 c5 2. Nc3 e5 3. Bc4 Nf6 4. d3 Be7 5. Nge2 d6 6. O-O O-O 7. f4 exf4 8.
Nxf4 a6 9. a4 Nc6 10. Ncd5 Ne5 11. Nxf6+ Bxf6 12. Bd5 Nc6 13. c3 Be5 14. Be3 g6
15. Qd2 Qe7 16. Kh1 Be6 17. Rae1 Rab8 18. Rg1 Bxf4 19. Bxf4 Ne5 20. Bh6 Rfe8
21. Rgf1 Bxd5 22. exd5 Qh4 23. Bf4 Qg4 24. Re3 Qd7 25. Rh3 f5 26. d4 Nc4 27.
Qf2 cxd4 28. Qxd4 Ne5 29. b3 Rbc8 30. c4 Ng4 31. Qb6 Qc7 32. Qb4 Qc5 33. Qd2
Re4 34. Rhf3 Rce8 35. h3 Re2 36. Qc3 Nf2+ 37. Kh2 Ne4 38. b4 Nxc3 39. bxc5 Ne4
40. cxd6 Rd8 41. Rb3 Rd7 42. Rfb1 g5 43. Bxg5 Nxd6 44. c5 Ne4 45. c6 bxc6 46.
dxc6 Rc7 47. Rb8+ Kf7 48. R8b7 Nxg5 49. Rxc7+ Ke6 50. Rg7 Nf3+ 51. Kh1 Ne5 52.
Rc1 1-0

[Event "I Open"]
[Site "Bergamo ITA"]
[Date "2002.07.28"]
[Round "6"]
[White "Dragojlovic, Andjelko"]
[Black "Inkiov, Ventzislav V."]
[Result "1/2-1/2"]
[WhiteElo "2351"]
[BlackElo "2421"]
[PlyCount "28"]
[EventDate "2002.07.26"]

1. e4 c5 2. Nf3 Nc6 3. d4 cxd4 4. Nxd4 g6 5. Nc3 Bg7 6. Be3 Nf6 7. Be2 O-O 8.
O-O d5 9. exd5 Nxd5 10. Nxd5 Nxd4 11. Bxd4 Qxd5 12. Bxg7 Qxd1 13. Rfxd1 Kxg7
14. Bf3 Rb8 1/2-1/2

[Event "I Open"]
[Site "Bergamo ITA"]
[Date "2002.07.28"]
[Round "6"]
[White "Efimov, Igor"]
[Black "Belotti, Bruno"]
[Result "1/2-1/2"]
[WhiteElo "2463"]
[BlackElo "2430"]
[PlyCount "96"]
[EventDate "2002.07.26"]

1. d4 d5 2. c4 c6 3. Nf3 Nf6 4. Qc2 g6 5. Bf4 Bg7 6. e3 O-O 7. Nc3 c5 8. dxc5
Qa5 9. O-O-O Na6 10. cxd5 Nxc5 11. Nd4 Bd7 12. Kb1 Na4 13. Nxa4 Bxa4 14. Nb3
Rac8 15. Qd3 Bxb3 16. axb3 Rfd8 17. d6 exd6 18. Qb5 Qxb5 19. Bxb5 Ne4 20. Rhf1
Be5 21. f3 Bxf4 22. exf4 Nf6 23. Rd4 a6 24. Bd3 Rc7 25. g4 Kg7 26. Rd1 Kf8 27.
b4 Re7 28. b5 axb5 29. Bxb5 Ne8 30. Bc4 Re3 31. Bd5 b6 32. Rc1 Re2 33. h4 Re7
34. Rc6 Rb8 35. Be4 Ra7 36. f5 gxf5 37. Bxf5 h6 38. Bc2 Ke7 39. g5 hxg5 40.
hxg5 Kf8 41. f4 Re7 42. Bd3 Re1+ 43. Kc2 Rg1 44. Ra4 Rg2+ 45. Kc3 Rb7 46. Ra8
Ke7 47. b4 Nc7 48. Be4 Rg3+ 1/2-1/2

[Event "I Open"]
[Site "Bergamo ITA"]
[Date "2002.07.28"]
[Round "6"]
[White "Ferretti, Folco"]
[Black "Cacco, Christian"]
[Result "1/2-1/2"]
[WhiteElo "2279"]
[BlackElo "2248"]
[PlyCount "67"]
[EventDate "2002.07.26"]

1. c4 g6 2. Nc3 Bg7 3. g3 d6 4. Bg2 c6 5. d3 f5 6. e3 Nf6 7. Nge2 O-O 8. O-O e5
9. b4 Qe7 10. Rb1 Be6 11. b5 c5 12. a4 Qc7 13. a5 Nbd7 14. a6 b6 15. Bxa8 Rxa8
16. f4 Rd8 17. Qc2 e4 18. Rd1 Re8 19. dxe4 fxe4 20. Nd5 Nxd5 21. cxd5 Bg4 22.
Bb2 Nf6 23. Rd2 Qf7 24. Nc3 Bf5 25. Re1 h5 26. Nd1 Re7 27. Qc4 Ne8 28. Bxg7
Kxg7 29. Nf2 Nc7 30. h3 Qe8 31. Rb1 Bd7 32. Rdb2 Qf7 33. Rd1 Qe8 34. Rdb1
1/2-1/2

[Event "I Open"]
[Site "Bergamo ITA"]
[Date "2002.07.28"]
[Round "6"]
[White "Gosio, Denis"]
[Black "De Santis, Alessio"]
[Result "1/2-1/2"]
[WhiteElo "2154"]
[BlackElo "2243"]
[PlyCount "77"]
[EventDate "2002.07.26"]

1. e4 c5 2. Nf3 e6 3. d4 cxd4 4. Nxd4 a6 5. Bd3 Qc7 6. O-O Nf6 7. Nc3 h5 8. h3
Bc5 9. Be3 d6 10. Qe2 g5 11. Nb3 Rg8 12. Bxc5 dxc5 13. e5 Nd5 14. Nxd5 exd5 15.
e6 Bxe6 16. Bf5 Qe7 17. Rfe1 Nd7 18. Bxe6 fxe6 19. Qxe6 Qxe6 20. Rxe6+ Kf7 21.
Rd6 Nf6 22. Nxc5 Rac8 23. b4 g4 24. hxg4 Rxg4 25. Rb6 Rc7 26. Re1 Rc4 27. Ree6
Nd7 28. Nxd7 Rxd7 29. Re2 d4 30. a4 a5 31. bxa5 Rxa4 32. Re5 Ra1+ 33. Kh2 Ra2
34. Rc5 Kg8 35. f3 d3 36. cxd3 Rg7 37. f4 Raxg2+ 38. Kh3 Rg1 39. Rg5 1/2-1/2

[Event "I Open"]
[Site "Bergamo ITA"]
[Date "2002.07.28"]
[Round "6"]
[White "Mione, Dario"]
[Black "Barlocco, Carlo"]
[Result "0-1"]
[WhiteElo "2271"]
[BlackElo "2136"]
[PlyCount "84"]
[EventDate "2002.07.26"]

1. d4 d5 2. Nf3 c6 3. Bf4 Bf5 4. e3 Nf6 5. Bd3 Bg6 6. O-O e6 7. c4 Be7 8. Nc3
Nbd7 9. Rc1 O-O 10. Bxg6 hxg6 11. cxd5 Nxd5 12. Bg3 Qb6 13. Qe2 N5f6 14. Rfd1
Rac8 15. e4 Rfe8 16. e5 Nd5 17. Ne4 c5 18. dxc5 Nxc5 19. Nd6 Bxd6 20. exd6 Nd7
21. Rxc8 Rxc8 22. Ng5 Qc6 23. h3 Qc2 24. Qe1 Qxb2 25. Rxd5 exd5 26. Qe7 Rf8 27.
h4 Qb1+ 28. Kh2 Qf5 29. f3 d4 30. Ne4 d3 31. Be1 Qe5+ 32. Kg1 Qxe7 33. dxe7 Re8
34. Bb4 Nb8 35. Kf2 Nc6 36. Bc5 f5 37. Nd2 b6 38. Ba3 Nxe7 39. Ke3 Nd5+ 40. Kd4
Nf4 41. g3 Ne2+ 42. Kxd3 Nxg3 0-1

[Event "I Open"]
[Site "Bergamo ITA"]
[Date "2002.07.28"]
[Round "6"]
[White "Morganti, Lionello"]
[Black "Schiatti, Piero"]
[Result "0-1"]
[WhiteElo "1582"]
[BlackElo "1831"]
[PlyCount "28"]
[EventDate "2002.07.26"]

1. e4 d5 2. exd5 Qxd5 3. Nc3 Qa5 4. d4 Nf6 5. Bd3 Nc6 6. Nge2 Bg4 7. f3 Bf5 8.
Bxf5 Qxf5 9. Ng3 Qa5 10. O-O O-O-O 11. Be3 e5 12. Nce2 exd4 13. Nxd4 Nxd4 14.
Bxd4 Rxd4 0-1

[Event "I Open"]
[Site "Bergamo ITA"]
[Date "2002.07.28"]
[Round "6"]
[White "Navarro, Stefano"]
[Black "Lorusso, Giuseppe"]
[Result "1/2-1/2"]
[WhiteElo "2122"]
[BlackElo "1708"]
[PlyCount "88"]
[EventDate "2002.07.26"]

1. e4 c5 2. Nf3 Nc6 3. d4 cxd4 4. Nxd4 Nf6 5. Nc3 d6 6. Be2 e5 7. Nb3 Be7 8.
Bg5 O-O 9. Bxf6 Bxf6 10. Bg4 a5 11. Bxc8 Rxc8 12. Nd5 Bg5 13. O-O Ne7 14. Nxe7+
Bxe7 15. c3 b5 16. Qd3 Qb6 17. Rfd1 Rfd8 18. Nd2 Qc6 19. Nf1 Bg5 20. a3 Qc4 21.
g3 b4 22. h4 Bh6 23. cxb4 axb4 24. b3 Qxd3 25. Rxd3 bxa3 26. Rxa3 Rc5 27. Rxd6
Rb8 28. Rd3 g6 29. Ra1 Kf8 30. Rb1 Ke7 31. Nh2 Rb4 32. Ng4 Bg7 33. f3 f5 34.
Nf2 Rc2 35. Rbd1 Rb7 36. Rb1 Bf8 37. g4 Ke6 38. Nd1 Bc5+ 39. Kh1 fxe4 40. fxe4
Rf7 41. Nc3 Rff2 42. Rh3 Bd4 43. Nb5 Rfe2 44. Na3 Ra2 1/2-1/2

[Event "I Open"]
[Site "Bergamo ITA"]
[Date "2002.07.28"]
[Round "6"]
[White "Pegoraro, Nicola"]
[Black "Moreschi, Mauro"]
[Result "1/2-1/2"]
[WhiteElo "2086"]
[BlackElo "1696"]
[PlyCount "50"]
[EventDate "2002.07.26"]

1. e4 d6 2. d4 Nf6 3. Nc3 e5 4. Nf3 Nbd7 5. Bg5 Be7 6. Qd2 h6 7. Be3 Ng4 8.
O-O-O Nxe3 9. Qxe3 Bg5 10. Nxg5 Qxg5 11. Qxg5 hxg5 12. Nd5 Kd8 13. c3 Nf6 14.
Nxf6 gxf6 15. Bd3 Ke7 16. Rde1 Be6 17. a3 c5 18. d5 Bd7 19. h3 b5 20. Kd2 a5
21. b3 a4 22. b4 c4 23. Bc2 Rh4 24. Ke3 Rah8 25. Rhg1 R8h6 1/2-1/2

[Event "I Open"]
[Site "Bergamo ITA"]
[Date "2002.07.28"]
[Round "6"]
[White "Piantoni, Roberto"]
[Black "Rossi, Giampiero"]
[Result "1-0"]
[WhiteElo "2171"]
[BlackElo "2064"]
[PlyCount "61"]
[EventDate "2002.07.26"]

1. d4 d5 2. Nf3 c6 3. e3 Bf5 4. Nbd2 e6 5. b3 Be7 6. Bb2 Nd7 7. Be2 h6 8. O-O
Ngf6 9. c4 O-O 10. Ne5 Nxe5 11. dxe5 Ne4 12. Nxe4 Bxe4 13. Bd3 Bxd3 14. Qxd3
dxc4 15. Qxc4 Qd5 16. Qxd5 exd5 17. Rac1 Rfe8 18. Rfd1 Bf8 19. Kf1 g6 20. e4
dxe4 21. Rd7 Red8 22. Rcd1 Rxd7 23. Rxd7 b5 24. Ke2 b4 25. Ke3 a5 26. Kxe4 a4
27. Kd3 a3 28. Bd4 c5 29. Be3 Rc8 30. Kc4 Bg7 31. Rd5 1-0

[Event "I Open"]
[Site "Bergamo ITA"]
[Date "2002.07.28"]
[Round "6"]
[White "Rigamonti, Stefano"]
[Black "Chiaretti, Roberto"]
[Result "0-1"]
[WhiteElo "1863"]
[BlackElo "2199"]
[PlyCount "60"]
[EventDate "2002.07.26"]

1. e4 e5 2. Nf3 Nc6 3. Bc4 Nf6 4. Nc3 Nxe4 5. Nxe4 d5 6. Bd3 dxe4 7. Bxe4 Qd6
8. c3 Bd7 9. Qb3 f5 10. Bd5 O-O-O 11. Ng5 Na5 12. Nf7 Qc5 13. Bxb7+ Nxb7 14.
Nxh8 Qc6 15. Nf7 Qxg2 16. Rf1 Qe4+ 17. Kd1 Ba4 18. Nxd8 Nxd8 19. f3 Bxb3+ 20.
axb3 Qd3 21. Re1 Qxf3+ 22. Kc2 Nc6 23. d3 Bc5 24. b4 Bf2 25. Rd1 e4 26. b5 Ne5
27. d4 Nc4 28. Rxa7 Qe2+ 29. Kb3 Qxd1+ 30. Kxc4 Qxc1 0-1

[Event "I Open"]
[Site "Bergamo ITA"]
[Date "2002.07.28"]
[Round "6"]
[White "Rombaldoni, Denis"]
[Black "Scarpellini, Felice"]
[Result "1-0"]
[WhiteElo "1903"]
[BlackElo "1603"]
[PlyCount "81"]
[EventDate "2002.07.26"]

1. d4 Nf6 2. Nf3 e6 3. e3 d5 4. Bd3 Be7 5. Nbd2 Nbd7 6. O-O b6 7. Ne5 Bb7 8. f4
O-O 9. Rf3 Ne4 10. Nxd7 Qxd7 11. Bxe4 dxe4 12. Rh3 g6 13. c4 c5 14. dxc5 Bxc5
15. Qe1 Rad8 16. a3 Be7 17. b3 Bf6 18. Ra2 Qe7 19. g4 Bh8 20. a4 Rd3 21. Ba3
Qd8 22. Bxf8 Kxf8 23. Nf1 Rxb3 24. Rd2 Rd3 25. Rxh7 Bc3 26. Rxd3 Qxd3 27. Qh4
Ba6 28. f5 Bxc4 29. Qf2 exf5 30. gxf5 Qd1 31. f6 Kg8 32. Rg7+ Kf8 33. Rh7 Ke8
34. Rh8+ Kd7 35. Ra8 a5 36. Qg2 Bxf6 37. Qh3+ Be6 38. Qg3 Bc4 39. Ra7+ Ke6 40.
Qh3+ Kd6 41. Qd7+ 1-0

[Event "I Open"]
[Site "Bergamo ITA"]
[Date "2002.07.28"]
[Round "6"]
[White "Trangoni, Bruno"]
[Black "Agnelli, Francesco"]
[Result "0-1"]
[WhiteElo "1695"]
[BlackElo "2146"]
[PlyCount "61"]
[EventDate "2002.07.26"]

1. f4 c5 2. Nf3 Nc6 3. e3 g6 4. c4 Bg7 5. Nc3 Nf6 6. Be2 O-O 7. d4 cxd4 8. exd4
d5 9. c5 Bf5 10. O-O Ne4 11. Be3 Nxc5 12. dxc5 d4 13. Bxd4 Nxd4 14. Ne5 Rc8 15.
Qa4 Nxe2+ 16. Nxe2 Rxc5 17. Qxa7 Rd5 18. Qxb7 Rd2 19. Nc6 Qd3 20. Nxe7+ Kh8 21.
Nxf5 Qxf5 22. Ng3 Qc5+ 23. Kh1 Rxb2 24. Qf3 Rc2 25. Ne4 Qc6 26. Rad1 Rxa2 27.
Rd6 Qc4 28. Rfd1 Qc7 29. Rd7 Qb6 30. Ng5 Kg8 31. Nxf7 0-1

[Event "I Open"]
[Site "Bergamo ITA"]
[Date "2002.07.28"]
[Round "6"]
[White "Trotto, Pierangelo"]
[Black "Laketic, Gojko"]
[Result "0-1"]
[WhiteElo "1755"]
[BlackElo "2448"]
[PlyCount "60"]
[EventDate "2002.07.26"]

1. e4 Nf6 2. e5 Nd5 3. d4 d6 4. Nf3 Bg4 5. Be2 e6 6. O-O Be7 7. Re1 O-O 8. c4
Nb6 9. Nc3 a5 10. exd6 cxd6 11. d5 e5 12. Ne4 Bxf3 13. gxf3 f5 14. Ng3 Na6 15.
Qc2 g6 16. Bd2 Nc5 17. Kh1 Bg5 18. Rg1 Bxd2 19. Qxd2 Qh4 20. b3 f4 21. Ne4 Nxe4
22. fxe4 Qxf2 23. Raf1 Qc5 24. Rf3 Rf6 25. Rh3 Raf8 26. Bg4 Kh8 27. Qg2 Qc7 28.
Qf2 Nd7 29. Rc1 Nc5 30. Bf3 Nd3 0-1

[Event "XIV C.to Mondiale ICSC a squadre"]
[Site "Vilnius LTU"]
[Date "2002.07.22"]
[Round "2.1"]
[White "Bokros, Istvan"]
[Black "Cehic, Goran"]
[Result "1/2-1/2"]
[WhiteElo "2143"]
[BlackElo "2157"]
[Annotator "ITA-HUN"]
[PlyCount "44"]
[EventDate "2002.07.21"]

1. e4 e6 2. d4 d5 3. Nc3 Bb4 4. e5 c5 5. a3 Ba5 6. b4 cxd4 7. Nb5 Bc7 8. f4 Nc6
9. Nf3 a6 10. Nxc7+ Qxc7 11. Bb2 Nge7 12. Bd3 Bd7 13. O-O h6 14. Kh1 Nf5 15.
Bxf5 exf5 16. Bxd4 Nxd4 17. Nxd4 Be6 18. Rf3 g5 19. Qd2 Rc8 20. fxg5 hxg5 21.
Re1 g4 22. Rd3 Rh5 1/2-1/2

[Event "XIV C.to Mondiale ICSC a squadre"]
[Site "Vilnius LTU"]
[Date "2002.07.22"]
[Round "2.2"]
[White "Collutiis, Duilio"]
[Black "Mate, Balazs"]
[Result "1-0"]
[WhiteElo "2308"]
[BlackElo "2171"]
[Annotator "ITA-HUN"]
[PlyCount "105"]
[EventDate "2002.07.21"]

1. e4 c6 2. d4 d5 3. e5 Bf5 4. Nf3 e6 5. a3 c5 6. dxc5 Bxc5 7. b4 Bb6 8. Nbd2
Nc6 9. Bb2 Nge7 10. c4 dxc4 11. Nxc4 O-O 12. Nd6 Rb8 13. Be2 Bg6 14. O-O Nd5
15. Qd2 Bc7 16. Nb5 Bb6 17. Rac1 Qe7 18. Rfd1 Rfd8 19. Nd6 Nc7 20. Qe1 Ne8 21.
Nc4 Rxd1 22. Bxd1 Qd8 23. b5 Ne7 24. Nxb6 Qxb6 25. a4 Qd8 26. Qe3 b6 27. Nd4
Rc8 28. Rxc8 Qxc8 29. Qa3 Qd7 30. Bf3 f6 31. Qc3 Bf7 32. g3 f5 33. Nc6 Nc8 34.
Ba3 Nc7 35. Qb4 Qe8 36. Qd4 a6 37. Nb8 Kh8 38. Bc6 Qg8 39. Qd7 Nd5 40. bxa6 Nc3
41. a7 Nxa7 42. Qxa7 Qd8 43. Nd7 Qg5 44. Qa8+ Bg8 45. Bf3 Qd2 46. Nf6 gxf6 47.
Qf8 Qe1+ 48. Kg2 Ne4 49. Bxe4 Qxe4+ 50. f3 Qb7 51. Be7 h5 52. Qh6+ Bh7 53.
Qxf6+ 1-0

[Event "XIV C.to Mondiale ICSC a squadre"]
[Site "Vilnius LTU"]
[Date "2002.07.22"]
[Round "2.3"]
[White "Gelencser, Jozsef"]
[Black "Pasquotto, Mirko"]
[Result "1/2-1/2"]
[WhiteElo "2101"]
[BlackElo "1654"]
[Annotator "ITA-HUN"]
[PlyCount "38"]
[EventDate "2002.07.21"]

1. e4 c5 2. Nf3 d6 3. d4 cxd4 4. Nxd4 Nf6 5. Nc3 a6 6. Bg5 e6 7. Qd2 Be7 8. f3
Qc7 9. O-O-O Nbd7 10. g4 b5 11. Nce2 Bb7 12. Bxf6 Bxf6 13. Ng3 O-O 14. g5 Be7
15. Kb1 d5 16. Bd3 Ne5 17. f4 Nc4 18. Bxc4 dxc4 19. c3 Rfd8 1/2-1/2

[Event "XIV C.to Mondiale ICSC a squadre"]
[Site "Vilnius LTU"]
[Date "2002.07.22"]
[Round "2.4"]
[White "Cellucci, Alessandro"]
[Black "Raibl, Zoltan"]
[Result "1-0"]
[WhiteElo "1879"]
[BlackElo "2004"]
[Annotator "ITA-HUN"]
[PlyCount "61"]
[EventDate "2002.07.21"]

1. e4 c5 2. Nf3 a6 3. c4 e6 4. Nc3 Qc7 5. Be2 Nc6 6. d4 cxd4 7. Nxd4 Nf6 8. Nc2
Be7 9. O-O O-O 10. Be3 d6 11. f4 Bd7 12. Bf3 Na5 13. b3 Rac8 14. Bd4 e5 15. Be3
b5 16. Nb4 Qb7 17. Ncd5 Nxd5 18. Nxd5 Bc6 19. Qd2 Bxd5 20. cxd5 exf4 21. Bxf4
Qb6+ 22. Be3 Qd8 23. Rac1 Nb7 24. Rxc8 Qxc8 25. Rc1 Qd7 26. Qc2 Nc5 27. e5 Nb7
28. Qc6 Rd8 29. Qxd7 Rxd7 30. Rc8+ Rd8 31. Rc7 1-0

[Event "XIV C.to Mondiale ICSC a squadre"]
[Site "Vilnius LTU"]
[Date "2002.07.23"]
[Round "3.1"]
[White "Cehic, Goran"]
[Black "Nauryzgaliyev, Kaiyrzhan"]
[Result "0-1"]
[WhiteElo "2157"]
[BlackElo "2143"]
[Annotator "ITA-KAZ"]
[PlyCount "62"]
[EventDate "2002.07.21"]

1. c4 c5 2. Nc3 Nc6 3. Nf3 g6 4. g3 Bg7 5. Bg2 a6 6. O-O Rb8 7. e3 d6 8. d4 Bg4
9. Ne2 Nf6 10. h3 Bd7 11. b3 Qc8 12. Kh2 h5 13. h4 Bf5 14. Bb2 O-O 15. Kg1 b5
16. cxb5 axb5 17. a3 c4 18. b4 d5 19. Nc3 Rd8 20. Qc1 Ne4 21. Rd1 Bg4 22. Rf1
Nxc3 23. Bxc3 Qf5 24. Nd2 e5 25. e4 Qc8 26. exd5 Nxd4 27. Bxd4 exd4 28. Ra2 Bh3
29. Bf3 c3 30. Nb3 Qc4 31. Qb1 Bxf1 0-1

[Event "XIV C.to Mondiale ICSC a squadre"]
[Site "Vilnius LTU"]
[Date "2002.07.25"]
[Round "4.4"]
[White "Cellucci, Alessandro"]
[Black "Zabolotny, Vladimir"]
[Result "1-0"]
[WhiteElo "1879"]
[BlackElo "2199"]
[Annotator "ITA-UKR"]
[PlyCount "64"]
[EventDate "2002.07.21"]

1. e4 c5 2. Nf3 Nc6 3. d4 cxd4 4. Nxd4 Nf6 5. Nc3 e5 6. Ndb5 d6 7. Nd5 Nxd5 8.
exd5 Nb8 9. c4 Be7 10. Be2 a6 11. Nc3 O-O 12. O-O f5 13. a3 Bg5 14. b4 Bxc1 15.
Rxc1 a5 16. c5 axb4 17. axb4 Qh4 18. Qb3 Na6 19. Bxa6 bxa6 20. Na4 f4 21. Rc4
Rf6 22. Nb6 Rh6 23. h3 Rb8 24. Nxc8 Rxc8 25. Rfc1 g5 26. cxd6 Rd8 27. Rc8 Rhxd6
28. Rxd8+ Rxd8 29. d6+ Kh8 30. Qe6 g4 31. Qxe5+ Kg8 32. Qxf4 Qh5 1-0

[Event "XIV C.to Mondiale ICSC a squadre"]
[Site "Vilnius LTU"]
[Date "2002.07.26"]
[Round "5.2"]
[White "Krasnov, Vasiliy G."]
[Black "Collutiis, Duilio"]
[Result "0-1"]
[WhiteElo "2189"]
[BlackElo "2308"]
[Annotator "ITA-RUS"]
[PlyCount "96"]
[EventDate "2002.07.21"]

1. d4 Nf6 2. Bg5 Ne4 3. Bf4 c5 4. f3 Nf6 5. d5 Qb6 6. Bc1 g6 7. e4 d6 8. c4 Bg7
9. Nc3 O-O 10. Bd3 e6 11. Nge2 exd5 12. exd5 Nbd7 13. f4 Re8 14. O-O Ng4 15.
Rf3 f5 16. h3 Ngf6 17. Qc2 a6 18. Be3 Nf8 19. Bf2 Bd7 20. Rb1 Qc7 21. a4 Ne4
22. Be1 Rab8 23. Rc1 Nf6 24. Bh4 Kh8 25. Kh1 b5 26. axb5 axb5 27. Nxb5 Bxb5 28.
Bxf6 Bxf6 29. cxb5 Qb7 30. Nc3 Qc8 31. b3 Rb7 32. Ra1 Rbe7 33. Qd2 Nd7 34. Ra6
Qc7 35. Rf1 Nb6 36. Bc4 Re3 37. Nd1 Nxc4 38. bxc4 Re2 39. b6 Qe7 40. Qd3 Re1
41. Ra7 Qe4 42. Qxe4 Rxf1+ 43. Kh2 fxe4 44. b7 Rxf4 45. g3 e3 46. Nxe3 Rf2+ 47.
Ng2 Rb2 48. Ra8 Rg8 0-1

[Event "XIV C.to Mondiale ICSC a squadre"]
[Site "Vilnius LTU"]
[Date "2002.07.26"]
[Round "5.4"]
[White "Chernov, Igor"]
[Black "Grudina, Marco"]
[Result "1-0"]
[WhiteElo "2212"]
[BlackElo "1570"]
[Annotator "ITA-RUS"]
[PlyCount "89"]
[EventDate "2002.07.21"]

1. e4 e5 2. Nf3 Nc6 3. Bb5 a6 4. Ba4 Nf6 5. Qe2 b5 6. Bb3 Bc5 7. O-O O-O 8. c3
d6 9. d3 h6 10. h3 Re8 11. Nbd2 Be6 12. Kh2 Qd7 13. Nh4 Ne7 14. Qf3 c6 15. Bxe6
Qxe6 16. Nf5 Rad8 17. g4 Nh7 18. h4 d5 19. Rg1 Rd7 20. g5 hxg5 21. hxg5 Ng6 22.
Nb3 Bb6 23. Be3 Bxe3 24. Qxe3 dxe4 25. Nc5 Rxd3 26. Nxe6 Rxe3 27. Nexg7 Re2 28.
Nxe8 Rxb2 29. Rgf1 Nxg5 30. Nf6+ Kf8 31. Rad1 Ne6 32. Rd7 e3 33. Nxe3 Kg7 34.
Nh5+ Kh6 35. Nf6 Kg7 36. Neg4 Rxa2 37. Kg3 Ra3 38. Rh1 Ngf8 39. Ne8+ Kg6 40.
Rh6+ Kg5 41. Rxf7 Rxc3+ 42. f3 Ng6 43. Rh5+ Kxh5 44. Rf5+ Ng5 45. Ng7# 1-0

[Event "XIV C.to Mondiale ICSC a squadre"]
[Site "Vilnius LTU"]
[Date "2002.07.27"]
[Round "6.1"]
[White "Cehic, Goran"]
[Black "Checiak, Krzysztof"]
[Result "0-1"]
[WhiteElo "2157"]
[BlackElo "2087"]
[Annotator "ITA-POL"]
[PlyCount "86"]
[EventDate "2002.07.21"]

1. c4 e5 2. Nc3 f5 3. g3 Nf6 4. Bg2 Bb4 5. e3 Bxc3 6. bxc3 O-O 7. d4 e4 8. Ne2
d6 9. Qb3 Kh8 10. O-O Nc6 11. Nf4 Qe8 12. Nd5 Nxd5 13. cxd5 Na5 14. Qb4 b6 15.
Re1 Ba6 16. Bb2 Bc4 17. Rac1 Qf7 18. Bf1 Qxd5 19. Bxc4 Qxc4 20. Qxc4 Nxc4 21.
Ba1 d5 22. a4 Rf6 23. Re2 Kg8 24. Ra2 Kf7 25. Kg2 Rc6 26. Rcc2 g5 27. Rc1 Rg8
28. Rh1 Rh6 29. h3 f4 30. Re1 Rf6 31. Bb2 fxe3 32. fxe3 Rf3 33. Bc1 Rg6 34. Rf2
Rgf6 35. Ref1 Rxf2+ 36. Rxf2 Rxf2+ 37. Kxf2 h5 38. Ke2 g4 39. hxg4 hxg4 40. Kf2
Ke6 41. Ke2 Kd7 42. Kd1 Kc8 43. Kc2 Nd6 0-1

[Event "XIV C.to Mondiale ICSC a squadre"]
[Site "Vilnius LTU"]
[Date "2002.07.27"]
[Round "6.4"]
[White "Czech, Mieczyslaw"]
[Black "Grudina, Marco"]
[Result "1-0"]
[WhiteElo "2023"]
[BlackElo "1570"]
[Annotator "ITA-POL"]
[PlyCount "63"]
[EventDate "2002.07.21"]

1. d4 d5 2. c4 c6 3. Nc3 Nf6 4. e3 e6 5. Bd3 dxc4 6. Bxc4 b5 7. Bd3 a6 8. Nf3
Nbd7 9. O-O Be7 10. Qe2 O-O 11. e4 Re8 12. e5 Nd5 13. Ne4 h6 14. Bd2 Bb7 15.
Rac1 Nf8 16. Rfd1 f5 17. exf6 Nxf6 18. Bf4 Nd5 19. Be5 Nf6 20. Nfd2 N8d7 21.
Nb3 Nxe5 22. dxe5 Nd7 23. Nbc5 Bxc5 24. Nxc5 Bc8 25. Qe4 Qc7 26. Qh7+ Kf8 27.
Qh8+ Kf7 28. Bg6+ Kxg6 29. Qxe8+ Kh7 30. Nxd7 Bb7 31. Qxe6 Bc8 32. Qxc6 1-0

[Event "XIV C.to Mondiale ICSC a squadre"]
[Site "Vilnius LTU"]
[Date "2002.07.31"]
[Round "9.2"]
[White "Collutiis, Duilio"]
[Black "Mueller, Burkhard"]
[Result "1-0"]
[WhiteElo "2308"]
[BlackElo "2144"]
[Annotator "ITA-GER"]
[PlyCount "47"]
[EventDate "2002.07.21"]

1. e4 c5 2. Nf3 d6 3. d4 cxd4 4. Nxd4 Nf6 5. f3 e6 6. c4 Nc6 7. Nc3 a6 8. Be3
Be7 9. Be2 O-O 10. O-O Nxd4 11. Bxd4 Qc7 12. Qd2 e5 13. Be3 Be6 14. Rfc1 b6 15.
Nd5 Bxd5 16. cxd5 Qb7 17. Rc6 Nd7 18. Rac1 Rac8 19. Qc2 Rcd8 20. Rc7 Qa8 21.
Qc6 Rfe8 22. Qxa8 Rxa8 23. Rxd7 Bd8 24. Rxd6 1-0

[Event "IX Festival A"]
[Site "Campobasso ITA"]
[Date "2002.07.12"]
[Round "1"]
[White "Cappai, Davide"]
[Black "Voiska, Margarita"]
[Result "0-1"]
[WhiteElo "1774"]
[BlackElo "2356"]
[PlyCount "36"]
[EventDate "2002.07.12"]

1. e4 d6 2. d4 g6 3. Nf3 Bg7 4. Be2 Nd7 5. O-O a6 6. a4 b6 7. Re1 Bb7 8. Bc4 e6
9. Bf4 Ne7 10. Ra3 h6 11. Rd3 g5 12. Bg3 Ng6 13. e5 d5 14. Ba2 g4 15. c4 dxc4
16. Bxc4 gxf3 17. d5 Qe7 18. d6 Qd8 0-1

[Event "IX Festival A"]
[Site "Campobasso ITA"]
[Date "2002.07.12"]
[Round "1"]
[White "Collutiis, Duilio"]
[Black "Failli, Riccardo"]
[Result "1-0"]
[WhiteElo "2308"]
[BlackElo "1780"]
[PlyCount "110"]
[EventDate "2002.07.12"]

1. e4 e5 2. Nf3 Nc6 3. Bb5 f5 4. Bxc6 dxc6 5. Qe2 Bd6 6. Nc3 Nf6 7. d4 exd4 8.
e5 O-O 9. Qc4+ Kh8 10. exf6 dxc3 11. fxg7+ Kxg7 12. O-O Be7 13. Qxc3+ Bf6 14.
Qe3 Qe7 15. Qh6+ Kh8 16. Re1 Qg7 17. c3 Bd7 18. Qxg7+ Kxg7 19. Bf4 Rac8 20.
Rad1 Be8 21. Be5 Bh5 22. Rd7+ Rf7 23. Rxf7+ Kxf7 24. Nd4 Bg6 25. f4 c5 26. Nb3
b6 27. Bxf6 Kxf6 28. Rd1 Be8 29. Nd2 Bh5 30. Re1 Rd8 31. Nf1 Bf7 32. a3 a5 33.
h3 h5 34. g3 Rd3 35. Kf2 h4 36. Re3 Rd1 37. Re1 hxg3+ 38. Nxg3 Rd7 39. Re5 Rd2+
40. Re2 Rd1 41. Ke3 Bc4 42. Rd2 Re1+ 43. Kf2 Re7 44. Rd8 b5 45. Rf8+ Bf7 46.
Rd8 b4 47. Ra8 bxc3 48. bxc3 Rd7 49. Rxa5 Rd2+ 50. Ke3 Rg2 51. Nh1 c4 52. Ra6+
Kg7 53. Nf2 Rg3+ 54. Kd2 Rg2 55. Ke2 Bh5+ 1-0